| 000 | 00866cam a22002657a 4500 | ||
|---|---|---|---|
| 999 |
_c57483 _d57483 |
||
| 001 | 16218249 | ||
| 005 | 20221107104644.0 | ||
| 008 | 100505s2016 moua b 001 0 eng | ||
| 020 | _a9780323069908 X | ||
| 020 | _a0323069908 X | ||
| 020 | _a9788131245248 X | ||
| 041 | _aeng | ||
| 080 | _a616.314-77 C-21 | ||
| 100 | 1 |
_aCarr, Alan B. _98804 |
|
| 245 | 1 | 0 | _aMcCracken's removable partial prosthodontics. |
| 246 | 3 | 0 | _aRemovable partial prosthodontics |
| 260 |
_aSt. Louis, Mo.: _bElsevier Mosby, _cc2016 |
||
| 300 |
_axi, 375 p. : _bill. (chiefly col.) ; _c29 cm. |
||
| 650 | 1 | 2 |
_aDenture, Partial, Removable. _98806 |
| 653 | _aსტომატოლოგია | ||
| 653 | _aორტოდონტია | ||
| 653 | _aმედიცინა | ||
| 700 | 1 |
_aBrown, David T. _q(David Theodore) _eავტორი _98807 |
|
| 942 |
_2udc _cBK |
||